La consagración de la primavera
Збережено в:
| Автор: | |
|---|---|
| Формат: | Книга |
| Мова: | Іспанська |
| Опубліковано: |
Ciudad de México
Siglo Veintiuno
1981
|
| Редагування: | 12a. ed |
| Предмети: | |
| Теги: |
Додати тег
Немає тегів, Будьте першим, хто поставить тег для цього запису!
|
MARC
| LEADER | 00000nam a2200000 a 4500 | ||
|---|---|---|---|
| 001 | UCT6575 | ||
| 003 | CL-VaPUC | ||
| 008 | 970113e19810000MX |||||||||||||||||spa|d | ||
| 082 | 0 | 4 | |a Cu863 |b CAR |2 21 |
| 100 | 0 | |a Carpentier, Alejo |e author |9 317536 | |
| 245 | 1 | 3 | |a La consagración de la primavera |
| 250 | |a 12a. ed | ||
| 300 | |a 576 p | ||
| 942 | |c BK | ||
| 945 | |d 19970113 00:00:00 |a rleighto | ||
| 260 | |a Ciudad de México |b Siglo Veintiuno |c 1981 | ||
| 650 | 0 | |a Novelas cubanas |9 268276 | |
| 583 | |a last modification |c 19970113 00:00:00 |k Rodrigo Vera | ||
| 999 | |c 255263 |d 255261 | ||
| 952 | |0 0 |1 0 |4 0 |6 CU_863_000000000000000_CAR_1981 |7 0 |8 A |9 277441 |a BIBEDU |b BIBEDU |d 2019-11-19 |i 3266397 |o Cu863 CAR 1981 |p 3266397 |r 2019-11-19 |w 2019-11-19 |y BK |k LIT | ||
| 952 | |0 0 |1 0 |4 0 |6 CU_863_000000000000000_CAR_1981 |7 0 |8 A |9 277442 |a BIBEDU |b BIBEDU |d 2019-11-19 |i 3267423 |o Cu863 CAR 1981 |p 3267423 |r 2019-11-19 |w 2019-11-19 |y BK |k LIT | ||